Detroit Pistons 2025-2026 Roster - Statistics

General Stats
  • This quiz has been taken 37 times
    22 since last reset
  • The average score is 12 of 17
Answer Stats
Jersey # Pos Answer % Correct
2 G Cade Cunningham
100%
0 C Jalen Duren
100%
28 F-C Isaiah Stewart
92%
9 G-F Ausar Thompson
83%
31 G Javonte Green
83%
55 F Duncan Robinson
75%
27 G-F Kevin Huerter
75%
7 F Paul Reed
75%
12 F Tobias Harris
75%
34 F Bobi Klintman
67%
8 G Caris LeVert
67%
20 G Chaz Lanier
67%
24 G Daniss Jenkins
67%
25 G Marcus Sasser
67%
5 F Ronald Holland II
67%
35 F Tolu Smith
42%
14 G Wendell Moore Jr
17%
No matching quizzes found
Score Distribution
Percent of People with Each Score
Percentile by Number Answered
Your Score History
You have not taken this quiz since the last reset